000
00242nam a2200109Ia 4500
008
220204s9999 xx 000 0 und d
082
_a
82-3
_b
JAM
100
_a
James, Henry
245
4
_a
The Europeans
260
_b
Penguin
_c
1982
942
_c
BK
999
_c
38764
_d
38764